| 000 | 00843nam a22002537a 4500 | ||
|---|---|---|---|
| 999 |
_c10372 _d10372 |
||
| 003 | AR-CdUCM | ||
| 008 | 190401b ||||| |||| 00| 0 spa d | ||
| 040 |
_aMUNICIPALIDAD PROVINCIAL DEL CUSCO _cBIBLIOTECA MUNICIPAL DEL CUSCO |
||
| 041 | _hfre | ||
| 082 |
_a574.09 / _bAN61 / 1926 |
||
| 100 |
_aAnglas J. _927180 |
||
| 245 | _aLas grandes cuestiones biológicas desde Darwin hasta nuestros días / | ||
| 260 |
_aMadrid : _bHernando, _c1926. |
||
| 300 |
_a128 páginas ; _c16 cm. |
||
| 440 |
_aLa Cultura moderna. _927181 |
||
| 505 | _aContenido: Evolución de los seres vivos -- Orígen del hombre. | ||
| 650 |
_aEvolución _97012 |
||
| 650 |
_aOrígen _915147 |
||
| 650 |
_aBiología _9881 |
||
| 700 |
_aGonzales, D. Anselmo (traducción) _927182 |
||
| 700 |
_aGoyanes, J. (prólogo) _927183 |
||
| 942 |
_2ddc _cLIBROS |
||
| 945 | _aachl | ||